The Book of the Dead: the chapters of coming forth by day. The egyptian text in hieroglyphic edited from numerous papyri.

Spremljeno u:
Bibliografski detalji
Glavni autor: Wallis Budge, Ernest Alfred
Format: Knjiga
Jezik:engleski
Izdano: London, England, United Kingdom Kegan Paul, Trench, Trübner & Co. Ltd. 1898
Teme:
Oznake: Dodaj oznaku
Bez oznaka, Budi prvi tko označuje ovaj zapis!

MARC

LEADER 00000nam a2200000 a 4500
001 UCJ6497
003 CL-VaPUC
005 20240611105637.0
008 070124e18980000UK |||||||||||||||||eng|d
999 |c 322600  |d 322598 
040 |c Pontificia Universidad Católica de Valparaíso 
082 0 4 |a 932 BUD 1898  |2 21 
100 |a Wallis Budge, Ernest Alfred  |9 516815 
245 1 4 |a The Book of the Dead: the chapters of coming forth by day. The egyptian text in hieroglyphic edited from numerous papyri. 
246 1 0 |a By E. A. Wallis Budge, Litt. D., D. Lit., F. S. A. Keeper of the Egyptian and Assyrian Antiquities in the British Museum 
260 0 3 |a London, England, United Kingdom  |b Kegan Paul, Trench, Trübner & Co. Ltd.  |c 1898 
300 |a 517 páginas 
583 |a last modification  |c 20070124 00:00:00  |k Rodrigo Vera 
650 0 |a Arqueología   |9 265619 
650 7 |a CULTO DE LOS MUERTOS  |2 CL-VaPUC  |9 513230 
650 7 |a COSTUMBRES FUNERARIAS  |2 CL-VaPUC  |9 508517 
650 7 |a JEROGLIFICOS  |2 CL-VaPUC  |9 265779 
650 7 |a PAPIROS EGIPCIOS  |2 CL-VaPUC  |9 513231 
650 7 |a EGIPTOLOGIA  |2 CL-VaPUC  |9 265780 
650 0 |a Religión   |9 255164 
650 7 |a RITOS Y CEREMONIAL  |2 CL-VaPUC  |9 512928 
650 0 |a Fuentes Históricas  |9 265141 
651 0 |a Egipto   |9 268199 
942 |c BK  |2 ddc 
945 |d 20070124 00:00:00  |a rinostro 
952 |0 0  |1 0  |2 ddc  |4 0  |6 932_000000000000000_BUD_1898  |7 0  |8 X  |9 401631  |a FDOBUD  |b FDOBUD  |d 2019-11-22  |i 1048805  |o 932 BUD 1898  |p 1048805  |r 2019-11-22  |t 1  |w 2019-11-22  |y BK_X  |k BUD